000 00718nam a2200289Ia 4500
005 20260324140038.0
008 008 260324s9999 xx 000 0 eng d
020 _a9780203983997
037 _aEBOOK
040 _aCRL
040 _beng
040 _cCRL
041 _2eng
041 _aeng
084 _qCRL
100 _aWilliam A. Maloney; Andrew McLaughlin
_91202926
245 4 _aThe European Automobile Industry
245 0 _bMulti Level Governance, Policy and Politics
260 _bTaylor and Francis
260 _c1999
365 _a
365 _b215
856 _uhttp://www.taylorfrancis.com/books/9780203983997
942 _cEBOOK
999 _c1804569
_d1804569